000 00296nam a2200133 i 4500
001 bg
100 1 _aSAWICKI, Jan
245 0 _aUkłady elektroniczne /
_cJan Sawicki.
260 _aWarszawa,
_c1970.
040 _cBPK
041 _apol
942 _cKS
008 s pl f |000 0 pol
999 _c7286
_d7286
856 _uhttp://koha.tu.koszalin.pl/cgi-bin/koha/opac-detail.pl?biblionumber=7286
_yKatalog online BPK